000 00765nam a2200205Ia 4500
003 IN-BaIIA
008 211028s9999 xx 000 0 eng d
020 _a90-277-2752-x
040 _cIIA Library
080 _a52(082.1)
_bASS-146
245 0 _aRate coefficients in astrochemistry
_bproceedings of a conference on rate coefficients in astrochemistry, held in Umist, Manchester, UK, 21-24 Sep, 1987
_cedited by Millar, T. J and Williams, D. A
260 _aDordrecht
_bKluwer Academic
_c1988
300 _axiv, 364p.
490 _aAstrophysics and space science library; v. 146
650 _aAstronomy and astrophysics thesaurus
650 _aCosmochemistry
_91212
700 _aMillar, T. J., ed.
_915764
700 _aWilliams, D. A., ed.
_915765
942 _cBK
999 _c9352
_d9352